| 000 | 00840nam a22002657a 4500 | ||
|---|---|---|---|
| 999 |
_c200459927 _d78139 |
||
| 003 | TR-AnTOB | ||
| 005 | 20240426094001.0 | ||
| 008 | 240426b ||||| |||| 00| 0 tur d | ||
| 020 | _a9786052521823 | ||
| 040 |
_aTR-AnTOB _beng _cTR-AnTOB _erda |
||
| 041 | _atur | ||
| 092 | _a806.6 GOL 2016 | ||
| 100 | _0Goldman, Bruno | ||
| 245 |
_aKüçük ve büyük sorular : _bSüper güçler gelecekte insanların süper güçleri olacak mı? / _cHazırlayan Bruno Goldman ;çeviri Aynur Aldaş Açkalmaz. |
||
| 250 | _a1.bs | ||
| 260 |
_aİstanbul : _bAkan Ajans, _c2016. |
||
| 300 |
_a[48] pages: _bill; _c22cm. |
||
| 336 |
_2rdacontent _atext _btxt |
||
| 337 |
_2rdamedia _aunmediated _bn |
||
| 338 |
_2rdacarrier _avolume _bnc |
||
| 653 | _asüper güçler | ||
| 942 |
_2ddc _cBK |
||